Выписки из протоколов заседаний Московского комитета попечительства о тюрьмах по запискам Ф. П. Гааза

Доступно только в Электронных читальных залах Найти на картеНа карте
RUSMARC
00003702nac2a22002531x 450
00192fc6542-e743-4e23-ad25-acb3dda87388
00520131008125754.0
100##$a20130529l18441852k y0rusy50 ca
1010#$arus
102##$aRU
105##$ay z |||||
2001#$aВыписки из протоколов заседаний Московского комитета попечительства о тюрьмах по запискам Ф. П. Гааза
$j1844-1852
215##$a9 листов
251##$cДело
300##$aРукописный текст
330##$aДокументальные материалы, отложившиеся в результате творческой деятельности А. Ф. Кони; Документальные материалы, собранные А. Ф. Кони для своих работ; О Ф. П. Гаазе
461#0$10013a54f2e3-e9cf-409b-80fa-f0a9bd3c40cb
$12001
$aКони Анатолий Федорович, юрист, литератор, член академии наук, председатель Санкт-Петербургского окружного суда, член государственного совета
$1251
$cФонд
$1852
$j564
462#0$100178a475cd-a47d-4377-bff3-cee4b81de655
$12001
$aОпись дел фонда А. Ф. Кони за 1880-1931 гг.
$1251
$cОпись
$1852
$j1
600#1$aКони
$bА. Ф.
$f1844-1927
$gАнатолий Федорович
600#1$aГааз
$bФ. П.
60102$aМосковский комитет попечительства о тюрьмах
801#0$aRU
$bGA_RF
801#1$aRU
$bНПО Опыт
$c20130529
$2rusmarc
801#2$aRU
$bПБ им. Б.Н. Ельцина
$c20131008
$gRCR
$2rusmarc
852##$aГА РФ
$j279
937##$d38263607
$hПБ
035##$aRuPRLIB51001115
Формат отображения